Загрузка...

Sivanippalliele karimpuli tr by K N Gopalan Nair /

Библиографические подробности
Главный автор: Anserson, Kenneth
Язык:Undetermined
Опубликовано: 1962.
LEADER 00750nam a2200145Ia 4500
001 32430
008 170722s9999 xx 000 0 und d
100 |a Anserson, Kenneth 
245 |a Sivanippalliele karimpuli tr by K N Gopalan Nair / 
260 |c 1962. 
942 |c GEN 
999 |c 58103  |d 58103 
952 |0 0  |1 0  |4 0  |6 MY_6XN101_32K2K2132K2_2_000000000000000  |7 0  |9 82961  |a LIB  |b LIB  |d 2017-08-12  |o MY6xN101 32K2-K2;1-32K2.2  |p 84150  |r 2017-08-12  |w 2017-08-12  |y GEN 
952 |0 1  |1 0  |4 0  |6 MY_6XN101_32K2K2132K2_2_000000000000000  |7 0  |9 82962  |a LIB  |b LIB  |d 2017-08-12  |o MY6xN101 32K2-K2;1-32K2.2  |p 87325  |r 2017-08-12  |w 2017-08-12  |y GEN 
952 |0 1  |1 0  |4 0  |6 MY_6XN101_32K2K2132K2_2_000000000000000  |7 0  |9 82963  |a LIB  |b LIB  |d 2017-08-12  |o MY6xN101 32K2-K2;1-32K2.2  |p 134896  |r 2017-08-12  |w 2017-08-12  |y GEN